000 00525nam a22001817a 4500
005 20241205093714.0
008 241205b |||||||| |||| 00| 0 eng d
020 _a9780639016320
041 _aEnglish
082 _a347.7 MAL
100 _lEnglish
245 _aAmler's Pleadings /
_cLTC Harms and MR Townsend
250 _aTenth Edition
260 _aCape Town:
_bJuta and Company Ltd,
_c2024
300 _bxi, 477 pages;
_c26 cm.
650 _aLegal practice
_bLaw
942 _cBK
_6ALISON_BN_VRIES
999 _c3277
_d3277